000 00482nam a2200193Ia 4500
003 OSt
005 20250814093943.0
008 250729s2004 xx 000 0 und d
040 _cAL
041 _aeng
082 _a370.78 JANE
100 _aBhatiya kamal
_9221264
245 _aThe principles and methods of teaching
260 _aNew Delhi
_bMittal Publication
_c2004
300 _a244p
650 _aEducation
_9221265
700 _aBhatiyaD B
_9221266
942 _2ddc
_cBED
999 _c234929
_d234929